000 01075cam a22003257a 4500
001 14804150
003 OSt
005 20170308120959.0
008 070411s2007 at a 001 0 eng d
010 _a 2007295635
020 _a9781418835316 (pbk.)
020 _a1418835315 (pbk.)
035 _a(OCoLC)ocm71017378
035 _a(OCoLC)71017378
040 _aSISPL
_cSISPL
_dBAKER
_dHKP
_dYDXCP
_dDLC
042 _alccopycat
050 0 0 _aQA76.76.O63
_bS55 2007
100 1 _aSimpson, Ted L.
245 1 0 _aHands-on Novell Open Enterprise Server for NetWare and Linux /
_cTed Simpson.
260 _aAustralia ;
_aBoston, Mass. :
_bThomson Course Technology,
_c2007.
300 _axx, 636 p. :
_bill. ;
_c28 cm. +
_e2 CD-ROMs (4 3/4 in.) +1 DVD (4 3/4 in.)
500 _aIncludes index.
630 0 0 _aNovell Open Enterprise Server.
630 0 0 _aNetWare.
630 0 0 _aLinux.
650 0 _aOperating systems (Computers)
906 _a7
_bcbc
_ccopycat
_d2
_encip
_f20
_gy-gencatlg
942 _2lcc
_cBK
999 _c49174
_d49174